MUDANZA

Kaydedildi:
Detaylı Bibliyografya
Yazar: González Calvo, Mainor
Materyal Türü: Kitap
Dil:Spanish
Baskı/Yayın Bilgisi: San José, Costa Rica Editorial Nuevas Perspectivas 2017
Konular:
Etiketler: Etiketle
Etiket eklenmemiş, İlk siz ekleyin!

MARC

LEADER 00000nam a22000007a 4500
008 171127b xxu||||| |||| 00| 0 spa d
040 |a cru BVZT 
090 |a 868 G-15m 
100 |a González Calvo, Mainor  |9 1313 
245 |a MUDANZA  |c / Mainor González Calvo 
260 |a San José, Costa Rica  |b Editorial Nuevas Perspectivas  |c 2017 
300 |a 61 páginas 
650 |a LITERATURA COSTARRICENSE  |9 17 
650 |a POESÍA  |9 18 
999 |c 15397  |d 15397 
942 |c 15 D  |h 868 G-15m  |2 z